| Tag |
First Indicator |
Second Indicator |
Subfields |
| LEADER |
00000cam a2200000 a 4500 |
| 001 |
in00000009580 |
| 005 |
20151007051623.0 |
| 008 |
831012s1984 mnua b 00100 eng |
| 010 |
|
|
|a 83021819
|
| 020 |
|
|
|a 0314780130 :
|c $20.95
|
| 035 |
|
|
|a (OCoLC)10072413
|
| 035 |
|
|
|9 AAA3951AM
|
| 040 |
|
|
|a DLC
|c DLC
|d m/c
|d TXA
|d UtOrBLW
|
| 049 |
|
|
|a TXAM
|c [A11461575]
|
| 050 |
0 |
0 |
|a HN27
|b .C66 1984
|
| 082 |
0 |
|
|a 361.1
|2 19
|
| 245 |
0 |
0 |
|a Confronting social problems /
|c Ronald A. Hardert [and others].
|
| 264 |
|
1 |
|a St. Paul :
|b West Pub. Co.,
|c [1984]
|
| 264 |
|
4 |
|c ©1984
|
| 300 |
|
|
|a xvii, 489 pages :
|b illustrations ;
|c 27 cm.
|
| 336 |
|
|
|a text
|b txt
|2 rdacontent
|
| 337 |
|
|
|a unmediated
|b n
|2 rdamedia
|
| 338 |
|
|
|a volume
|b nc
|2 rdacarrier
|
| 504 |
|
|
|a Includes bibliographies and indexes.
|
| 650 |
|
0 |
|a Social problems.
|
| 700 |
1 |
|
|a Hardert, Ronald A.,
|d 1938-
|
| 999 |
|
|
|a MARS
|
| 999 |
f |
f |
|s fb379714-1359-3c0c-802a-aee8a206e6fc
|i 6e6dd129-b3f3-3fd0-a517-edf734b38e06
|t 0
|
| 952 |
f |
f |
|p ric
|a Texas A&M University
|b Rellis Campus
|c Joint Library Facility
|d Remote Storage
|t 0
|e HN27 .C66 1984
|h Library of Congress classification
|i unmediated -- volume
|m A14811461575
|
| 998 |
f |
f |
|a HN27 .C66 1984
|t 0
|l Remote Storage
|